01635nam a2200265Ia 4500001000600000003000900006008004100015040001300056040001300069041001300082100002400095100002900119245005800148245005800206250001100264260000900275260001200284260004900296300005700345500082600402650002201228650003101250700003401281700005401315H4275IT-RoPAU130308s9999 xx 000 0 und d aIT-RoPAU cIT-RoPAU aITALIANO aMickovic Aleksandar gCodice Aut. SPICS: 57086 aEnciclopedia della fantascienza in tv-2- gli anni '70 bEnciclopedia della Fantascienza in Tv-2- gli Anni '70 a1a ed. aROMA bFanucci c2003 [1° Ed.:2003 - Ed.Ling.Originale:2003] a"272 p. (prefazione: no ; testo: 272 [pagine: 0-0])" a"Gli Anni '70. Introduzione. Guida Alla Consultazione. Glossario. Ringraziamenti. Enciclopedia della Fantascienza in tv gli Anno '70. Appendice Episodi Pilota. Bibliografia. Il Secondo Volume Copre le produzioni Realizzate tra Il 1970 e Il 1979, con classici Come Spazio 1999, Galactica o I Sopravvissuti, e Opere meno Note Quali ""Prigionieri delle Pietre"" e ""Jason del comando Stellare"". Gli Anni '70 Sono Anche Stati Uno dei Periodi Piu' Prolifici per la Produzione Italiana: Sugli schermi dell'Emittente di Stato Furono Trasmessi Celebri Sceneggiati Come ""A Come Andromeda"" o ""Gamma"" Accanto Aserie Dimenticate Come ""Oltre Il 2000"" e ""Racconti di Fantascienza"". L'Opera Offre un Panorama Completo e Dettagliato su un Aspetto Centrale della Storia della Fantascienza e della Cultura Popolare in Genere." aGENERI TELEVISIVI eCodice materia Spics: 6960 aRossi MarcelloVianello Nicola gCodice Aut. SPICS: 57087Codice Aut. SPICS: 57088